[Event "Challenge"]
[Site "http://www.queenalice.com/game.php?id=1032922"]
[Date "2012.2.25"]
[Round "-"]
[White "edemarc"]
[Black "pipino"]
[Result "0-1"]
[WhiteElo "1473"]
[BlackElo "1603"]

1. e4 e5 2. Nf3 Nf6 3. Nc3 Bb4 4. Ne2 Nc6 5. c3 Be7 6. Ng3 O-O 7. Bc4 d5 8. exd5
Nxd5 9. O-O Bg4 10. h3 Be6 11. d4 Nf4 12. b3 f6 13. Bxe6+ Nxe6 14. d5 Qd7 15. b4
Rad8 16. Re1 Qxd5 17. Be3 f5 18. Bd2 e4 19. Nh2 Qxd2 20. Qxd2 Rxd2 21. a4 Bf6
22. Rac1 Rfd8 23. Nxf5 Ng5 24. f4 Ne6 25. Rf1 Ne7 26. Ne3 Re2 27. Nhg4 Rdd2 28.
f5 Ng5 29. h4 Nf7 30. g3 Ne5 31. Nxe5 Bxe5 32. Rcd1 Nd5 33. Nxd5 Rg2+ 34. Kh1
Rh2+ 35. Kg1 Rdg2# 0-1

[Event "Challenge"]
[Site "http://www.queenalice.com/game.php?id=1033222"]
[Date "2012.2.26"]
[Round "-"]
[White "nonalors"]
[Black "pipino"]
[Result "0-1"]
[WhiteElo "1516"]
[BlackElo "1579"]

1. f4 g6 2. Nf3 d5 3. d4 Bg7 4. Nc3 Nf6 5. e3 O-O 6. Qd3 Nc6 7. Ne5 Bf5 8. Qe2
Nb4 9. a3 Nxc2+ 10. Kf2 Nxa1 11. Qb5 b6 12. Bd3 c5 13. Bxf5 gxf5 14. Nc6 Qd7 15.
Nxd5 Nxd5 0-1

[Event "Challenge"]
[Site "http://www.queenalice.com/game.php?id=1033227"]
[Date "2012.2.26"]
[Round "-"]
[White "petraca"]
[Black "pipino"]
[Result "0-1"]
[WhiteElo "1772"]
[BlackElo "1689"]

1. e4 e5 2. Nf3 Nc6 3. Bc4 Bc5 4. O-O Nf6 5. Nxe5 Nxe5 6. d4 Nxc4 7. dxc5 O-O 8.
Nc3 Re8 9. Re1 d5 10. Qd3 Ne5 11. Qg3 Nxe4 12. Qe3 Nxc3 13. Qxc3 Nf3+ 14. gxf3
Rxe1+ 15. Qxe1 Bh3 16. c3 Qf6 17. Qe3 Qg6+ 18. Qg5 Re8 19. Bf4 Qxg5+ 20. Bxg5 h6
21. Be3 Re6 22. Bf4 c6 23. Bg3 Re2 24. b4 Rc2 25. Be5 g5 26. a4 Kh7 27. Re1 Kg6
28. Bd4 Ra2 29. a5 Kf5 30. Be3 Rc2 31. Bd4 Kf4 32. Be5+ Kxf3 33. Re3+ Kg4 34.
f3+ Kf5 35. f4 Rg2+ 36. Kh1 g4 37. Rg3 Rxg3 38. hxg3 f6 39. Bd4 Ke4 40. Bxf6 Kd3
41. Kg1 Ke4 42. Kf2 Kf5 43. Be5 Ke4 44. Ke2 a6 45. Kf2 h5 46. Bf6 Kd3 0-1

[Event "AUTO-INT-2302"]
[Site "http://www.queenalice.com/game.php?id=1051491"]
[Date "2012.4.22"]
[Round "1"]
[White "Flamengo"]
[Black "pipino"]
[Result "1-0"]
[WhiteElo "1832"]
[BlackElo "1636"]

1. e4 e5 2. Nf3 Nc6 3. Bc4 Nf6 4. d4 d6 5. dxe5 dxe5 6. Qxd8+ Nxd8 7. Nc3 Bd6 8.
Bg5 O-O 9. O-O-O Nc6 10. Bxf6 gxf6 11. Nd5 Kg7 12. h3 Be6 13. Ne3 Rad8 14. Bd5
Bxd5 15. Nxd5 Bc5 16. Rhf1 Nd4 17. Nxd4 c6 18. Nf5+ Kh8 19. Nxf6 Bb6 20. Rxd8
Bxd8 21. Nd7 Rg8 22. g3 f6 23. Nc5 b5 24. Ne6 b4 25. Nh6 1-0

[Event "AUTO-INT-2302"]
[Site "http://www.queenalice.com/game.php?id=1051492"]
[Date "2012.4.22"]
[Round "1"]
[White "pipino"]
[Black "Flamengo"]
[Result "1-0"]
[WhiteElo "1614"]
[BlackElo "1770"]

1. e4 c5 2. d4 cxd4 3. Nf3 Nc6 4. Nxd4 e5 5. Nf3 Bc5 6. Bc4 d6 7. Nc3 Bg4 8. O-O
Nf6 9. Qd3 Bxf3 10. Qxf3 Nd4 11. Qg3 Rg8 12. Qd3 Qb6 13. Be3 Ng4 14. Rad1 Nxe3
15. fxe3 Ne6 16. Qd5 Rf8 17. Kh1 Bxe3 18. Rxf7 Rxf7 19. Qxe6+ Re7 20. Qg8+ Kd7
21. Qxa8 Re8 22. Bb5+ 1-0

[Event "AUTO-INT-2302"]
[Site "http://www.queenalice.com/game.php?id=1051507"]
[Date "2012.4.22"]
[Round "1"]
[White "Fuz_Berg"]
[Black "pipino"]
[Result "0-1"]
[WhiteElo "1296"]
[BlackElo "1602"]

1. e4 e5 2. g4 Nf6 3. d3 h6 4. c4 Bc5 5. Nf3 O-O 6. Nxe5 d6 7. Nf3 Nc6 8. Nc3
Bxg4 9. Be3 Nb4 10. a3 Bxf3 0-1

[Event "AUTO-INT-2302"]
[Site "http://www.queenalice.com/game.php?id=1051508"]
[Date "2012.4.22"]
[Round "1"]
[White "pipino"]
[Black "Fuz_Berg"]
[Result "1-0"]
[WhiteElo "1606"]
[BlackElo "1292"]

1. e4 e5 2. Nf3 d6 3. d4 f6 4. Bc4 Nh6 5. O-O Bg4 6. Nc3 g5 7. dxe5 fxe5 8. Bxg5
Be7 9. Bxh6 Nc6 10. Qd5 Nb4 11. Qf7+ 1-0

[Event "Challenge"]
[Site "http://www.queenalice.com/game.php?id=1061882"]
[Date "2012.5.20"]
[Round "-"]
[White "pipino"]
[Black "R0ni"]
[Result "0-1"]
[WhiteElo "1609"]
[BlackElo "2610"]

1. e4 e5 2. Nf3 Nc6 3. Bc4 Bc5 4. O-O Nf6 5. Nc3 d6 6. d4 Nxd4 7. Be3 Bg4 8. h3
Nxf3+ 9. gxf3 Bxh3 10. Re1 Bxe3 11. Rxe3 Nd5 12. Bxd5 Qg5+ 0-1

[Event "AUTO-INT-2302"]
[Site "http://www.queenalice.com/game.php?id=1106341"]
[Date "2012.9.25"]
[Round "2"]
[White "pipino"]
[Black "qwertyuiop"]
[Result "0-1"]
[WhiteElo "1722"]
[BlackElo "1842"]

1. e4 c5 2. Nf3 d6 3. d4 cxd4 4. Nxd4 Nf6 5. Nc3 g6 6. Be3 Bg7 7. Bc4 O-O 8. O-O
e5 9. Nf3 a6 10. Qd2 Bg4 11. Nd5 Nxe4 12. Qd3 Bxf3 13. gxf3 Nc5 14. Qd2 e4 0-1

[Event "AUTO-INT-2302"]
[Site "http://www.queenalice.com/game.php?id=1106342"]
[Date "2012.9.25"]
[Round "2"]
[White "qwertyuiop"]
[Black "pipino"]
[Result "1-0"]
[WhiteElo "1853"]
[BlackElo "1711"]

1. d4 d5 2. Nf3 Nf6 3. c4 c6 4. Nc3 e6 5. g3 Be7 6. Bg2 O-O 7. O-O b6 8. Ne5
Nbd7 9. Nxc6 Qe8 10. Nxe7+ Qxe7 11. Bg5 Bb7 12. Bxf6 Qxf6 13. cxd5 Rac8 14. Re1
Rc4 15. e3 1-0